| 000 | 00923nam a22003017a 4500 | ||
|---|---|---|---|
| 001 | 00231 | ||
| 003 | DO-SdBNP | ||
| 005 | 20180306120534.0 | ||
| 007 | 00231 | ||
| 008 | 160418b dr 2005||||| |||| 00| 0 spa d | ||
| 020 | _a9789945111019 (v. 5) Libro texto | ||
| 020 | _a9789945111194 (v. 5) Guía | ||
| 040 |
_aBPMSU _bspa _cBPMSU |
||
| 082 | 0 | 4 |
_a371.227 _bA188p 5to. 2005 |
| 245 | 0 | 0 |
_aActivación del pensamiento 5 : _cAndrés Molina Moloon ... [et al.] ; dirección editorial Obdulia García de Escobar |
| 260 |
_aSanto Domingo : _bSantillana, _c2005. |
||
| 300 |
_a2 v. : _bil., _c21 cm. |
||
| 490 | 1 | _aÁmbar | |
| 650 | 4 | _aAPRENDIZAJE | |
| 650 | 4 | _aPENSAMIENTO CREATIVO | |
| 700 | 1 | _aMolina Moloon, Andrés | |
| 700 | 1 |
_aGarcía de Escobar, Obdulia _eed. |
|
| 830 | 0 | _aÁmbar | |
| 910 | _aValidado. Control de calidad MFF | ||
| 942 |
_2ddc _cBK |
||
| 945 | _ainventariado, 2018 / dg | ||
| 956 | _aBTAVÁREZ | ||
| 999 |
_c9835 _d9835 |
||